Ελληνική Εθνική Βιβλιογραφία 1989 = Greek National Bibliography 1989

Αποθηκεύτηκε σε:
Λεπτομέρειες βιβλιογραφικής εγγραφής
Συγγραφή απο Οργανισμό/Αρχή: Εθνική Βιβλιοθήκη της Ελλάδος Τμήμα Καταλόγων Γραφείο Εθνικής Βιβλιογραφίας
Μορφή: Βιβλίο
Γλώσσα:Greek
Δημοσίευση: Αθήναι : Εθνική Βιβλιοθήκη της Ελλάδος. Τμήμα καταλόγων. Γραφείο Εθνικής Βιβλιογραφίας, 1990.
Θέματα:
Ετικέτες: Προσθήκη ετικέτας
Δεν υπάρχουν, Καταχωρήστε ετικέτα πρώτοι!

MARC

LEADER 00000cam a2200000 i 4500
001 1/68510
008 941129s1991####gr | | ||| |||| ||gre||
020 |a 9607060008  
035 |a 1995  |l 10047662 
040 |a GR-MyUA  |b gre  |e AACR2 
041 0 |a gre 
082 0 |a 011  
110 2 |a Εθνική Βιβλιοθήκη της Ελλάδος  |b Τμήμα Καταλόγων  |b Γραφείο Εθνικής Βιβλιογραφίας. 
245 1 0 |a Ελληνική Εθνική Βιβλιογραφία 1989 =   |b Greek National Bibliography 1989 /   |c Εθνική Βιβλιοθήκη της Ελλάδος. Τμήμα καταλόγων. Γραφείο Εθνικής Βιβλιογραφίας.  
246 1 |i Παράλληλος τίτλος:   |a Greek National Bibliography 1990  
260 |a Αθήναι :   |b Εθνική Βιβλιοθήκη της Ελλάδος. Τμήμα καταλόγων. Γραφείο Εθνικής Βιβλιογραφίας,   |c 1990.  
300 |a 834 σ. ;   |c 24 εκ.  
500 |a Περιέχει ευρετήρια.  
651 0 |a Greece  |x Imprints. 
852 |a INST  |b LESVOS  |e 19941129  |h 011 ΕΛΛ  |p 005100003314  |q 005100003314  |t REF  |y 23 
852 |a INST  |b RHODES  |e 19991005  |h 011 ΕΛΛ  |p 005400000492  |q 005400000492  |t REF  |y 23 
852 |a INST  |b SAMOS  |e 19990202  |h 011 ΕΛΛ  |p 005300013431  |q 005300013431  |t REF  |y 23 
909 |a Σ  |b 020480 
909 |a Λ  |b 021082 
909 |a Ρ  |b 022139 
922 |a 4ΔΩΡ  |b 199204  |c ΔΩΡΕΑ 
970 |a ΧΟΡΟΖΙΔΟΥ  |b ΤΖΕΝΗ  |z 1999/10/04